Treba rekodifikovať zákon o správnom konaní

Predmet správneho konania. Neaktuálnosť zákona č. 71/1967 Zb., o správnom konaní. Príprava novelizácie zákona o správnom konaní.

Saved in:
Bibliographic Details
Main Author: Krafský, Ján
Format: Book Chapter
Language:Slovak
Subjects:
Tags: Add Tag
No Tags, Be the first to tag this record!

MARC

LEADER 00000naa a2200000 4500
001 r033368
005 20230825081120.1
041 0 |a slo 
044 |a SK 
245 1 0 |a Treba rekodifikovať zákon o správnom konaní  |c Ján Krafský 
520 |a Predmet správneho konania. Neaktuálnosť zákona č. 71/1967 Zb., o správnom konaní. Príprava novelizácie zákona o správnom konaní. 
610 2 0 |a správa štátna 
610 2 0 |a zákony 
610 2 0 |a osoby fyzické 
610 2 0 |a osoby právnické 
610 2 0 |a novelizácia 
610 2 0 |a Slovensko 
610 2 0 |a 1967 
100 1 |a Krafský, Ján